[Event "XXVII Actius Vallfogona Open"]
[Site "Vallfogona de Balaguer"]
[Date "2019.09.22"]
[Round "7.6"]
[White "Cruz, Filemon"]
[Black "Movsziszian, Karen"]
[Result "0-1"]
[WhiteElo "2320"]
[BlackElo "2475"]
[Annotator "TA"]
[PlyCount "122"]
[EventDate "2019.09.22"]
[EventCountry "ESP"]
[SourceTitle "playchess.com"]
[Source "ChessBase"]
[SourceQuality "1"]

{[%evp 12,121,0,-2,1,0,0,0,0,-4,-8,4,20,-34,-34,-17,0,-6,20,19,22,20,20,12,20,20,22,21,16,7,7,16,12,12,24,0,0,0,0,0,0,0,0,0,16,-14,-16,-14,-15,-170,-31,-23,-18,-141,-147,-222,-68,-63,-53,-55,0,0,0,-59,-60,-137,-129,-422,0,-42,-33,-91,-93,-83,-76,-179,-12,-88,0,0,0,0,0,-333,-288,-280,-231,-227,-204,-280,-270,-470,-462,-420,0,-372,-365,-369,-369,-29976,-29977,-29989,-571,-29978,-29979,-29990,-29980,-29980,-29981,-29977,-29978,-29999]} 1. c4 d6 2. Nc3 e5 3. g3 f5 4. Bg2 Nf6 5. d3 c6 6. e4 Be7 7. Nge2 O-O {A21: English Opening: 1...e5 2 Nc3} 8. O-O (8. h3 fxe4 9. dxe4 Be6 10. b3 Nbd7 11. Be3 a6 12. a4 b5 13. axb5 axb5 14. Rxa8 Qxa8 15. cxb5 cxb5 {½-½ (56) Grischuk,A (2792)-Bartel,M (2641) Dubai 2014}) 8... Na6 9. d4 fxe4 {The position is equal.} 10. Nxe4 Nxe4 11. Bxe4 Bh3 12. Bg2 (12. Re1 $11) 12... Bxg2 $15 13. Kxg2 Qc8 14. Be3 Rf7 15. Nc3 exd4 16. Bxd4 Qe6 $146 17. Qe2 Qxe2 18. Nxe2 Nc7 19. Rad1 d5 20. Be5 Bf6 21. Bxc7 Rxc7 22. cxd5 cxd5 23. b3 Rc2 24. Nf4 d4 25. a4 Rd8 26. Rd3 Kf7 27. Rfd1 g6 28. Kf3 g5 29. Nh5 Be5 30. Ke4 $2 (30. g4 $11) 30... Re2+ (30... Re8 $19 31. Rf1 Bxg3+ 32. Kf3 Be5) 31. Kf3 Rb2 32. Ke4 (32. Re1 $11 Bh8 33. h4) 32... Re8 $1 $17 33. Kf3 (33. Rf3+ $17 {was necessary.} Kg6 34. g4) 33... Ke6 $2 (33... Kg6 $19 34. Kg4 Rxf2) 34. Re1 $15 Rf8+ 35. Kg4 {Black must now prevent f4.} Kd5 ({Much worse is} 35... Rbxf2 $6 36. Rxd4 R8f7 37. Kxg5 $16) (35... Kd6 $1 $15 36. f4 gxf4 37. gxf4 Bh8) 36. f4 $11 gxf4 37. gxf4 (37. Nxf4+ $11 Kd6 38. Ne2) 37... Bh8 $1 $15 38. h3 (38. Re7 $15) 38... Rg8+ $1 $17 39. Kf5 $2 {[%mdl 8192]} (39. Kh4 $17) 39... Rf8+ $2 ({Black should play} 39... Rbg2 $1 $19 {( -> ...Rf8+)} 40. Re6 R2g6 41. Nf6+ Bxf6 42. Rxf6 Rxf6+ 43. Kxf6 Rf8+ 44. Kg5 Ke4 {[%mdl 64] Double Attack}) 40. Kg4 $15 Rc2 41. Red1 (41. f5 $15) 41... Rg8+ $17 42. Kf3 Rgg2 {[%csl Gg2][%cal Rc2f2]} 43. Ng3 {[#]} (43. Rf1 $17) 43... Rgf2+ (43... h5 $1 $19 {[%csl Gc2][%cal Rg2f2][%mdl 512] is more deadly.} 44. Rf1 (44. Nxh5 Rcf2#) 44... Rh2 45. Nxh5 Rxh3+ 46. Ng3 Rc3 47. Rxc3 dxc3) 44. Kg4 Rc8 (44... Rc6 $1 $17 {[%cal Rc6g6] Hoping for ...Rg6+.} 45. Nh5 Rg6+ 46. Kf5 Re2) 45. Nf5 $1 $11 {[%cal Rf5e7]} Rg8+ 46. Kh5 {Ne7+ is the strong threat.} Ke4 $36 {[%mdl 2048] Black has some pressure.} 47. Nh6 $2 {[%mdl 8192]} (47. Nd6+ $11 {and White is okay.} Kxf4 48. Re1 Rg5+ 49. Kh4 Rg4+ 50. Kh5 (50. hxg4 {gets mated.} Rh2+ 51. Rh3 Bf6+ 52. g5 Bxg5+ 53. Kh5 Rxh3#) 50... Rg5+ 51. Kh4 Rg4+ 52. Kh5 (52. hxg4 Rh2+ 53. Rh3 Bf6+ 54. g5 Bxg5+ 55. Kh5 Rxh3#) 52... Rg5+) 47... Rc8 48. Nf7 Rc5+ ({Not} 48... Kxf4 49. Nxh8 Rxh8 50. Rxd4+ Ke5 51. Rd5+ Ke6 52. h4 $14) 49. Kh6 Bf6 50. Ng5+ Kf5 51. Nf3 $2 {[#]} (51. Rxd4 Bxd4 52. Rxd4) 51... Rc6 $1 $19 52. Kh5 Rc5 $2 (52... Rc3 $19 53. Nxd4+ Bxd4 54. Rxc3 Bxc3 55. Rd5+ Kxf4) 53. Nxd4+ $2 {[%mdl 8192] [#]} (53. Kh6 $1 $11) 53... Ke4+ $1 {[%mdl 64] Discovered Attack} 54. Kh6 Rxf4 {[%cal Rf4h4]} 55. Kxh7 $2 (55. Nf3 $19) 55... Rh5+ 56. Kg8 Rg5+ (56... Be5 $142 57. Nf5 Rfxf5 58. Re1+ Kxd3 59. Rxe5 Rhg5+ 60. Kh7 Rxe5 61. Kh6 a5 62. b4 axb4 63. a5 Rg1 64. a6 Re6+ 65. Kh7 Re4 66. axb7 Rh4#) 57. Kf7 {aiming for Ne6.} Bxd4+ {Black mates.} 58. Ke6 Re5+ 59. Kd6 Rf6+ 60. Kd7 Rf7+ 61. Kd6 Bc5# {Accuracy: White = 39%, Black = 56%.} 0-1

[Event "XXVII Actius Vallfogona Open"]
[Site "Vallfogona de Balaguer"]
[Date "2019.09.22"]
[Round "7.7"]
[White "Trepat Herranz, Joan"]
[Black "Vidarte Morales, Arturo"]
[Result "1-0"]
[WhiteElo "2395"]
[BlackElo "2332"]
[Annotator "NA"]
[PlyCount "99"]
[EventDate "2019.09.22"]
[EventCountry "ESP"]
[SourceTitle "playchess.com"]
[Source "ChessBase"]
[SourceQuality "1"]
[TimeControl "900+5"]

1. e4 c5 2. Nf3 e6 3. d4 cxd4 4. Nxd4 a6 5. Bd3 Bc5 6. Nb3 Be7 7. O-O d6 8. Qe2 Nd7 9. f4 Qc7 10. Be3 Ngf6 11. N1d2 b6 12. a4 Nc5 13. Nxc5 bxc5 14. a5 O-O 15. b3 Bb7 16. Bf2 Nd7 17. Bg3 Bf6 18. Ra4 g6 19. h4 Bg7 20. h5 f5 21. exf5 exf5 22. hxg6 hxg6 23. Qe6+ Rf7 24. Qxg6 Qc6 25. Nf3 d5 26. Bxf5 Nf8 27. Qg4 Qf6 28. Bd3 Bc8 29. Qg5 Ne6 30. Qxd5 Bb7 31. Qe5 Bxf3 32. Qxf6 Bxf6 33. Rxf3 Nd4 34. Bc4 Nxf3+ 35. gxf3 Rd8 36. Bf2 Kg7 37. Bxf7 Kxf7 38. Bxc5 Rd1+ 39. Kf2 Rd2+ 40. Ke3 Rxc2 41. Rc4 Rb2 42. b4 Ke6 43. Bd4 Bxd4+ 44. Kxd4 Kd6 45. Ke4 Re2+ 46. Kf5 Re3 47. Rd4+ Kc6 48. Kg4 Re1 49. f5 Rg1+ 50. Kf4 {Kd5 Ke4+} 1-0

[Event "XXVII Actius Vallfogona Open"]
[Site "Vallfogona de Balaguer"]
[Date "2019.09.22"]
[Round "7.8"]
[White "Rahal, Michael A"]
[Black "Barbero Sendic, Alejandro"]
[Result "1-0"]
[WhiteElo "2309"]
[BlackElo "2346"]
[Annotator "TA"]
[PlyCount "61"]
[EventDate "2019.09.22"]
[EventCountry "ESP"]
[SourceTitle "playchess.com"]
[Source "ChessBase"]
[SourceQuality "1"]

{[%evp 15,61,11,14,0,0,0,18,18,17,-4,0,-17,4,-21,60,24,22,12,19,6,11,0,0,0,0,17,75,35,50,37,97,97,86,85,275,133,400,0,0,-178,-2,-714,0,-8,29995,29996,29998,-209]} 1. e4 e6 2. d4 d5 3. Nc3 Nf6 4. e5 Nfd7 5. f4 c5 6. Nf3 Nc6 7. Be3 Be7 8. Qd2 O-O 9. Be2 {C11: French: Classical System: 4 e5 and 4 Bg5 dxe4} (9. dxc5 Nxc5 10. O-O-O a6 11. h4 Qc7 12. Bd3 Nb4 13. Kb1 Nbxd3 14. cxd3 Bd7 15. Rc1 Qb6 16. f5 Rfc8 17. Bg5 {1-0 (41) Shankland,S (2713)-Cori,J (2686) Biel 2019}) 9... b6 10. O-O f5 11. Bb5 {The position is equal.} Bb7 12. Bxc6 $146 ({Predecessor:} 12. dxc5 Nxc5 13. Bxc6 Bxc6 14. Nd4 {0-1 (47) Bente,B (2312)-Prusikin,M (2536) Bayerisch Eisenstein 2015}) 12... Bxc6 13. Ne2 Bb7 14. c3 b5 (14... h6 $11) 15. dxc5 Nxc5 16. Bxc5 Bxc5+ 17. Ned4 Qe7 18. b4 Bb6 19. Kh1 Rac8 20. Rg1 Rc4 (20... Bc6 $11 {keeps the balance.}) 21. g4 fxg4 22. Rxg4 g6 ({Better is} 22... Bxd4 $14 23. Nxd4 Rf7) 23. Rag1 $16 {Hoping for Rxg6+!} Bxd4 24. Nxd4 Rfc8 $2 (24... Rf5 $16) 25. R1g3 (25. Qd3 $18 {aiming for Rxg6+!} Qg7 26. Rxg6 $1 {[%mdl 576] Demolition} hxg6 27. Rxg6 {[%mdl 64] Double Attack}) 25... Qc7 $2 {[%mdl 8192] [#]} (25... Qf7 $16) 26. h4 $2 (26. Rxg6+ $1 $18 {[%mdl 512]} hxg6 27. Rxg6+ {[%mdl 64] Double Attack} Kh8 28. Rh6+ Kg8 29. Rg6+ Kh8 30. Rh6+ Kg8 31. Rg6+) 26... Rxc3 $11 27. Rg1 $2 {[#]} (27. Kh2 $11 {and White is okay.}) 27... Qc4 $2 (27... Rh3+ $1 $19 28. Kg2 Qc3 29. Qxc3 Rcxc3) 28. h5 $2 {[%mdl 8192]} (28. Kh2 $11) 28... Rd3 $2 {[#]} (28... Rh3+ $19 29. Kg2 Rd3 {[%mdl 64] Double Attack}) 29. Qg2 $1 {[%mdl 512] White wants to mate with Rxg6+!} Qxd4 $4 {[%mdl 8192] [#]} (29... Kh8 $11 30. hxg6 (30. Nxe6 $2 Bc6 $19) 30... Qxd4) 30. Rxg6+ $1 {[%mdl 576] Double Attack} Kf8 (30... hxg6 31. Qxg6+) 31. Rg3 $4 {[%mdl 40960] Accuracy: White = 27%, Black = 11%. . Loss on time!?} (31. Rg8+ {mates} Kf7 32. Qg7#) 1-0

[Event "XXVII Actius Vallfogona Open"]
[Site "Vallfogona de Balaguer"]
[Date "2019.09.22"]
[Round "7.9"]
[White "Pena Morales, Hugo"]
[Black "Gonzalez Rodriguez, Jorge A."]
[Result "1-0"]
[WhiteElo "2203"]
[BlackElo "2263"]
[Annotator "NA"]
[PlyCount "102"]
[EventDate "2019.09.22"]
[EventCountry "ESP"]
[SourceTitle "playchess.com"]
[Source "ChessBase"]
[SourceQuality "1"]
[TimeControl "900+5"]

1. e4 e6 2. d4 d5 3. Nc3 Nf6 4. Bg5 Be7 5. exd5 Nxd5 6. Bxe7 Nxe7 7. Nf3 O-O 8. Bd3 Nd7 9. Qd2 c5 10. O-O-O cxd4 11. Nxd4 Nf6 12. Nf3 Qa5 13. Qg5 Qxg5+ 14. Nxg5 Nc6 15. Nge4 Rd8 16. Nxf6+ gxf6 17. Be4 Bd7 18. Rd6 Be8 19. Rhd1 Rxd6 20. Rxd6 f5 21. Bf3 Kf8 22. Bxc6 Bxc6 23. g3 Ke7 24. Rd4 Kf6 25. b4 e5 26. Rh4 Kg6 27. Rc4 h5 28. b5 Bf3 29. Kd2 a6 30. a4 axb5 31. axb5 Ra3 32. Ra4 Rxa4 33. Nxa4 Kf6 34. Ke3 Bd1 35. Nc5 Bxc2 36. Nxb7 Ke6 37. b6 f6 38. Nc5+ Kd6 39. b7 Kc7 40. Nd7 Kxb7 41. Nxf6 Kc6 42. f4 e4 43. Nxh5 Kd6 44. Ng7 Kd7 45. Nh5 Bd1 46. Nf6+ Kc6 47. Nh5 Bg4 48. Ng7 Kd6 49. Kd4 Ke7 50. Ne8 {Kf6 Nc7} Ke6 {Nd5 Bh3 Ne3 Bg4} 51. h3 Be2 1-0

[Event "XXVII Actius Vallfogona Open"]
[Site "Vallfogona de Balaguer"]
[Date "2019.09.22"]
[Round "7.10"]
[White "Saguillo Gonzalez, Oriol"]
[Black "Panelo, Marcelo"]
[Result "1-0"]
[WhiteElo "2121"]
[BlackElo "2360"]
[Annotator "TA"]
[PlyCount "110"]
[EventDate "2019.09.22"]
[EventCountry "ESP"]
[SourceTitle "playchess.com"]
[Source "ChessBase"]
[SourceQuality "1"]

{[%evp 18,110,-9,-4,7,5,16,0,0,-8,-7,-20,-13,-25,-27,-31,-30,-38,-17,-32,-27,-38,-26,-87,-89,-84,-88,-72,-34,-54,-23,-27,14,-24,0,0,0,0,0,0,20,0,0,0,0,0,15,0,108,106,114,11,114,0,141,141,106,91,145,-8,-8,-22,-16,-37,74,81,211,266,352,308,898,837,1911,1700,1627,1110,1867,-218,-218,-218,12,8,10,8,51,8,8,8,68,68,68,68,68,8,68]} 1. e4 c5 2. Nf3 d6 3. Bb5+ Bd7 4. Bxd7+ Qxd7 5. O-O Nf6 6. Re1 Nc6 7. c3 e6 8. d4 cxd4 9. cxd4 d5 10. e5 Ng8 {B52: Sicilian: Moscow Variation with 3...Bd7} (10... Ne4 11. Nbd2 Nxd2 12. Bxd2 Be7 13. Rc1 O-O 14. Rc3 Rfc8 15. h4 Bd8 16. Rd3 Qc7 17. Ng5 h6 18. Nh3 Ne7 19. Bc3 b5 20. Nf4 Nf5 21. Qg4 Bxh4 22. Nh5 {½-½ (52) Nakamura,H (2769)-Grischuk,A (2766) Paris 2018}) 11. Nc3 Nge7 12. Bg5 Nf5 13. a3 h6 14. Be3 (14. Bc1 {with more complications.} Be7 15. Ne2 O-O 16. Qd3 f6 17. Bf4) 14... Be7 15. b4 Rc8 16. Rc1 O-O 17. Qd2 f6 18. Bf4 fxe5 19. Bxe5 a5 $146 20. b5 (20. Na2 $11) 20... Nxe5 $17 21. Nxe5 Qe8 22. a4 Bb4 23. Qd3 Qd8 24. Red1 Qg5 (24... Ba3 $5 {[%cal Ra3c1]} 25. Rc2 Bd6 $15) 25. Nf3 Qh5 26. Ne2 Nh4 27. Nxh4 Qxh4 28. g3 Qg4 29. Rxc8 Rxc8 30. Rc1 $36 {[%mdl 2048] White has some pressure.} Rxc1+ 31. Nxc1 Qg5 32. Nb3 h5 (32... b6 $11) 33. h4 $1 $16 {[%cal Rh4g5]} Qg4 34. Kg2 (34. b6 $16) 34... Kf7 (34... b6 $11) 35. f3 ({White must play} 35. b6 $1 $16) 35... Qg6 (35... Qf5 $1 $11 {keeps the balance.} 36. Qxf5+ exf5) 36. Qxg6+ Kxg6 {[%mdl 4096] Endgame KB-KN} 37. Nc5 e5 (37... b6 $142 38. Nxe6 Bd6) 38. Nb3 $2 (38. Nxb7 $16 exd4 39. Kf2) 38... Kf5 $11 39. dxe5 Kxe5 {And now ...d4 would win.} 40. Kf2 Be7 (40... b6 $15 {stays ahead.}) 41. Nxa5 $16 Kd4 (41... Bc5+ $16 42. Ke2 b6) 42. Nxb7 $18 {Strongly threatening a5.} Kc4 {intending ...Kb4.} 43. Na5+ Kc3 $2 (43... Kd3 44. Kf1 Bc5) 44. Nc6 Bd6 45. a5 d4 46. a6 d3 {[#]} 47. a7 $4 {[%mdl 8192]} (47. Ke1 $1 $18 Kc2 48. Nd4+ Kc1 49. Nb3+ Kb2 50. a7) 47... Bc5+ $19 48. Ke1 {[#]} Bxa7 $2 (48... Kc2 $1 $19 {( -> ...d2+)} 49. Nb4+ (49. Nd4+ {gets mated.} Bxd4 50. f4 d2+ 51. Kf1 d1=Q+ 52. Kg2 Qg1+ 53. Kf3 Qh1+ 54. Ke2 Qd1#) 49... Bxb4+ 50. Kf1 d2) 49. Kd1 $11 ({But not} 49. Nxa7 $2 Kc2 $19) 49... Bb6 50. g4 Kc4 (50... Bc7 {is more complex.} 51. g5 Kc4 52. Ne7 Kxb5 53. Nf5 g6) 51. gxh5 {Ne7 is the strong threat.} Kxb5 52. Ne5 Bd8 (52... Kc5 $11) 53. Nxd3 Bxh4 54. Ke2 Kc4 55. Nf4 ({White should try} 55. Ke3 $14 Kd5 56. Nf4+ Kd6 57. Ke4) 55... Bf6 {Accuracy: White = 44%, Black = 28%.} ({Black should play} 55... Kd4 $1 $11) 1-0

[Event "XXVII Actius Vallfogona Open"]
[Site "Vallfogona de Balaguer"]
[Date "2019.09.22"]
[Round "8.1"]
[White "Perez Mitjans, Orelvis"]
[Black "Sosa, Tomas"]
[Result "1/2-1/2"]
[WhiteElo "2409"]
[BlackElo "2524"]
[Annotator "ChessBase"]
[PlyCount "60"]
[EventDate "2019.09.22"]
[EventCountry "ESP"]
[SourceTitle "playchess.com"]
[Source "ChessBase"]
[SourceQuality "1"]
[TimeControl "900+5"]

1. e4 e5 2. Nf3 Nc6 3. Bb5 a6 4. Ba4 d6 5. O-O Bd7 6. c4 g6 7. d4 exd4 8. Bg5 f6 9. Bf4 Bg7 10. Bxc6 bxc6 11. Nxd4 c5 12. Ne2 Ne7 13. Nbc3 O-O 14. Qd2 Rf7 15. Rad1 Qf8 16. Bg3 Bh6 17. Bf4 Bg7 18. Bg3 Bh6 19. f4 Be6 20. b3 f5 21. Bh4 Re8 22. Nd5 Nxd5 23. exd5 Bc8 24. Kh1 Bg7 25. Ng1 Re4 26. Nf3 h6 27. Rde1 Kh7 28. Qc1 Qh8 29. Nd2 Rxe1 30. Rxe1 Bf6 1/2-1/2

[Event "XXVII Actius Vallfogona Open"]
[Site "Vallfogona de Balaguer"]
[Date "2019.09.22"]
[Round "8.2"]
[White "Henriquez Villagra, Cristobal"]
[Black "Oliva Castaneda, Kevel"]
[Result "1-0"]
[WhiteElo "2587"]
[BlackElo "2470"]
[Annotator "TA"]
[PlyCount "79"]
[EventDate "2019.09.22"]
[EventCountry "ESP"]
[SourceTitle "playchess.com"]
[Source "ChessBase"]
[SourceQuality "1"]

{[%evp 9,79,-16,-5,-19,-16,-26,2,3,35,3,10,6,14,15,20,6,6,6,19,10,41,35,27,20,57,17,13,0,0,0,45,0,17,0,27,0,14,0,7,-18,0,-19,0,-35,-16,-39,0,0,62,55,55,59,54,52,106,113,93,32,185,122,280,316,306,295,232,195,706,692,656,643,29975,29976]} 1. Nf3 d5 2. b3 c6 3. Bb2 Bg4 4. Ne5 Bf5 5. g3 (5. e3 Nd7 6. Nxd7 Qxd7 7. Be2 e6 8. d3 Nf6 9. Nd2 Qc7 10. Nf3 Bb4+ 11. c3 Be7 {1-0 (79) Nakamura,H (2787)-Giri,A (2782) Paris 2016}) 5... Nd7 $146 ({Predecessor:} 5... f6 6. Nf3 e5 7. Bg2 c5 8. d3 Nc6 9. Nbd2 Be6 10. e4 d4 11. a4 Nge7 {½-½ (35) Harrison,J-Shalumov,O Dos Hermanas 2003}) 6. Nxd7 {A06: Réti Opening:1 Nf3 d5} Qxd7 7. d3 Nf6 8. Nd2 {The position is equal.} Bh3 9. Nf3 Bxf1 10. Kxf1 e6 11. Kg2 Be7 12. c4 O-O 13. Qc2 Ne8 14. e4 Bf6 15. e5 Be7 16. h4 f5 17. Bc1 Nc7 18. Be3 c5 19. Qe2 Na6 20. Bg5 Rae8 21. Rhd1 d4 22. Rh1 Qc6 23. Kg1 Nb8 24. Bf4 Nd7 25. h5 a6 26. Nd2 b5 27. Qf3 Rc8 28. Kg2 Bd8 (28... b4 $11) 29. Qxc6 $14 Rxc6 30. cxb5 axb5 31. a4 $36 {[%mdl 2048] White has the initiative.} Rb6 (31... b4 $14) 32. axb5 $16 Rxb5 33. Ra6 ({Better is} 33. Ra7 $16 Nb6 34. h6) 33... Rb6 $2 {[#]} ({Black should try} 33... Nb6 $14) 34. Rha1 (34. Ra7 $18 Nb8 35. h6) 34... Re8 $2 (34... Nb8 $16 35. Rxb6 Bxb6) 35. Ra7 $18 Nb8 36. h6 gxh6 37. Bxh6 {[#] aiming for Rg7+.} Nc6 $2 (37... Re7 38. Ra8 Rd7) 38. Rg7+ Kh8 39. Nc4 {And now Nd6 would win.} Rxb3 {Now ...Re7 and Black clings on.} 40. Nd6 {Accuracy: White = 36%, Black = 10%.} 1-0

[Event "XXVII Actius Vallfogona Open"]
[Site "Vallfogona de Balaguer"]
[Date "2019.09.22"]
[Round "8.3"]
[White "Munoz, Miguel"]
[Black "Trepat Herranz, Joan"]
[Result "1-0"]
[WhiteElo "2519"]
[BlackElo "2395"]
[Annotator "TA"]
[PlyCount "93"]
[EventDate "2019.09.22"]
[EventCountry "ESP"]
[SourceTitle "playchess.com"]
[Source "ChessBase"]
[SourceQuality "1"]

{[%evp 9,92,3,16,-12,35,48,98,88,90,91,104,95,97,105,80,69,82,36,44,37,95,87,109,96,129,102,143,69,115,115,135,160,152,169,267,238,244,250,259,266,629,253,274,204,221,210,635,627,590,581,1285,521,509,405,900,535,498,324,314,313,288,277,282,241,360,339,427,494,625,618,833,786,697,663,782,847,835,799,2825,2772,29988,29986,29986,29987,29992]} 1. e4 e5 2. d4 exd4 3. Qxd4 Nc6 4. Qe3 g6 5. Nc3 (5. Bd2 Bg7 6. Nc3 Nf6 7. O-O-O O-O 8. Qg3 d5 9. Bg5 d4 10. f3 h6 11. Bxf6 Bxf6 12. Nd5 Be5 13. f4 Bg7 14. Nf3 Be6 {0-1 (63) Nepomniachtchi,I (2714)-Leko,P (2723) Beijing 2014}) 5... Bg7 6. b3 {C22: Centre Game} Nge7 7. Bb2 O-O {Threatening ...d5.} 8. O-O-O {White is better.} Re8 9. Kb1 d6 10. h4 h5 11. Nf3 Bg4 12. Bc4 a6 13. Qf4 $146 Rf8 $1 14. Ng5 $36 {[%cal Rg5f7][%mdl 2048] White is pushing.} Ne5 ({Black should try} 14... Bxd1 $14 15. Bxf7+ Kh8 16. Rxd1 Ne5) 15. Be2 Bxe2 16. Nxe2 N7c6 17. f3 Qd7 {[#]} 18. Qg3 (18. Qd2 $1 $16) 18... f6 19. Nh3 Qf7 20. Nhf4 a5 21. Qh3 a4 (21... Bh6 $142) 22. g4 $18 hxg4 23. fxg4 axb3 24. axb3 Nb4 $2 (24... Qd7 25. h5 Qxg4 26. hxg6 Qxh3 27. Rxh3 f5) 25. Nd4 (25. h5 $142 {Threatens to win with hxg6.} g5 26. h6 gxf4 27. Nxf4) 25... Rfe8 26. h5 {aiming for hxg6.} g5 27. h6 Bh8 $2 (27... Bf8) 28. h7+ Kf8 29. Nf5 {Hoping for Qh6+.} Reb8 {[#]} 30. Nd5 (30. Rxd6 $142 $1 {[%mdl 512]} cxd6 31. Qh6+ Ke8 32. Nxd6+ {[%mdl 64] Double Attack} Ke7 33. Nxf7 Nxf7 34. Ng6+ Ke6 35. Qh3) 30... Nxd5 31. exd5 Ra5 (31... Ke8 $142 32. c4 Ra5 33. Bxe5 dxe5) 32. Nh6 Qg6 33. Qg2 Rba8 34. Nf5 {[%cal Bh6f5,Bf5d4,Bd4e6][%mdl 32]} Qe8 35. Nd4 {And now Ne6+ would win.} Ke7 36. Qe4 Qf7 (36... Qd7 {might work better.} 37. Ne6 c6) 37. c4 Kd7 38. Qf5+ Ke7 39. Rde1 Kf8 40. Ne6+ Ke8 41. Rh6 b5 42. c5 b4 43. Rd1 c6 44. cxd6 Qa7 45. Nc7+ Kd8 46. Nxa8 Qf7 {Accuracy: White = 67%, Black = 25%.} 47. Nb6 1-0

[Event "XXVII Actius Vallfogona Open"]
[Site "Vallfogona de Balaguer"]
[Date "2019.09.22"]
[Round "8.4"]
[White "Movsziszian, Karen"]
[Black "Moskalenko, Viktor"]
[Result "0-1"]
[WhiteElo "2475"]
[BlackElo "2475"]
[Annotator "ChessBase"]
[PlyCount "91"]
[EventDate "2019.09.22"]
[EventCountry "ESP"]
[SourceTitle "playchess.com"]
[Source "ChessBase"]
[SourceQuality "1"]
[TimeControl "900+5"]

1. g3 g6 2. Bg2 Bg7 3. d3 e5 4. c4 Ne7 5. Nc3 d6 6. Nf3 c5 7. O-O Nbc6 8. a3 a5 9. Rb1 h6 10. Ne1 Be6 11. Nd5 O-O 12. Nc2 Rb8 13. b4 axb4 14. axb4 Bxd5 15. cxd5 Nxb4 16. Nxb4 cxb4 17. Rxb4 b5 18. Bd2 Qd7 19. Qb3 Rb7 20. Ra1 Rfb8 21. e4 Nc8 22. Be3 f5 23. Bh3 Kh8 24. f3 Qf7 25. Bf2 h5 26. Ra5 Rc7 27. Rbxb5 Rxb5 28. Rxb5 Bh6 29. Rb8 Kh7 30. Kg2 Bg5 31. Qa4 Rc3 32. Qa6 fxe4 33. Rxc8 Rxc8 34. Qxc8 Qxf3+ 35. Kg1 e3 36. Qc2 exf2+ 37. Kf1 Qh1+ 38. Kxf2 Qxh2+ 39. Bg2 h4 40. gxh4 Bxh4+ 41. Kf1 Qf4+ 42. Kg1 Qe3+ 43. Kh1 Qe1+ 44. Kh2 Bg3+ 45. Kh3 Bf4 46. Bf1 0-1

[Event "XXVII Actius Vallfogona Open"]
[Site "Vallfogona de Balaguer"]
[Date "2019.09.22"]
[Round "8.5"]
[White "Cruz, Jonathan"]
[Black "Rahal, Michael A"]
[Result "0-1"]
[WhiteElo "2409"]
[BlackElo "2309"]
[Annotator "TA"]
[PlyCount "78"]
[EventDate "2019.09.22"]
[EventCountry "ESP"]
[SourceTitle "playchess.com"]
[Source "ChessBase"]
[SourceQuality "1"]

{[%evp 23,78,16,22,8,25,10,16,18,32,-118,-116,-115,-118,-112,-119,-141,-145,-154,-126,-127,-130,-154,-103,-102,-99,-132,-72,-236,-122,-144,-108,-237,-239,-320,-320,-312,-314,-288,-267,-265,-268,-385,-394,-522,-226,-223,-263,-466,-248,-746,-735,-708,-686,-956,-965,-914,-906]} 1. e4 e6 2. Nc3 d5 3. Nf3 dxe4 4. Nxe4 Bd7 5. d4 Bc6 6. Bd3 Nd7 7. O-O Ngf6 8. Qe2 Bxe4 9. Bxe4 Nxe4 10. Qxe4 c6 11. c4 Be7 12. Bf4 O-O 13. Rad1 {[#] C10: French with 3 Nc3: Unusual Black 3rd moves and 3...dxe4} Qb6 $146 ({Predecessor:} 13... Nf6 14. Qc2 {½-½ (14) Moldovan,D (2423)-Szabo,G (2546) Eforie Nord 2010}) 14. Qe2 Rfe8 15. Rd3 {The position is equal.} Qa6 16. Ne5 (16. b3 $14 {stays ahead.}) 16... Nxe5 $17 17. Bxe5 f6 (17... Qxa2 $2 18. Qg4 $1 $16 {[%mdl 512]}) (17... Qxc4 $2 18. Bxg7 $1 {[%mdl 512]} Qd5 19. Rg3 $18) 18. Bg3 Qxc4 19. b3 Qd5 20. Re3 Bf8 ({Worse is} 20... Qxd4 21. Rxe6 Kf8 22. Rd1 $14) 21. Re4 Rad8 22. Rc1 Bd6 (22... Qd7 $142 23. Rc4 b5) 23. Bxd6 Qxd6 24. Rc5 b6 (24... Qe7 $142 25. Rc4 Rd5) 25. Rh5 $2 {[#]} (25. Rc4 $17 {was worth a try.}) 25... g6 (25... c5 $1 $19 26. Reh4 h6 27. dxc5 Qd1+ 28. Qf1 f5) 26. Rh3 c5 $36 {[%mdl 2048] Black is really pushing.} 27. Rd3 (27. dxc5 $17 {is a better defense.} Qxc5 28. Qe1) 27... f5 $19 28. Rh4 e5 {[%cal Re5d4]} ({Not} 28... cxd4 29. Rhxd4 Qxd4 30. Rxd4 $19) 29. d5 e4 30. Rd1 Qf6 31. Rh3 Re5 32. g4 (32. Qc4 {keeps fighting.}) 32... f4 33. Rc3 e3 (33... f3 $142 34. Qe1 {[#]} Qg5 $1 {[%mdl 512]}) 34. fxe3 f3 ({Much less strong is} 34... Rdxd5 35. Rxd5 Rxd5 36. Qc4 $17) 35. Qc4 $2 (35. Qf2) 35... f2+ (35... Rf8 $142 36. d6+ Kg7) 36. Kg2 $2 (36. Kf1 Qf3 {[%mdl 64] Double Attack} 37. d6+ Kg7 38. Qe2 Qh3+ 39. Kxf2) 36... Rf8 {Black is clearly winning.} 37. d6+ Kg7 {( -> ...Qf3+)} 38. Qf4 Qxf4 39. exf4 Re1 {Accuracy: White = 14%, Black = 45%.} 0-1

[Event "XXVII Actius Vallfogona Open"]
[Site "Vallfogona de Balaguer"]
[Date "2019.09.22"]
[Round "8.6"]
[White "Martin Duque, Jesus"]
[Black "Pena Morales, Hugo"]
[Result "1-0"]
[WhiteElo "2373"]
[BlackElo "2203"]
[Annotator "NA"]
[PlyCount "65"]
[EventDate "2019.09.22"]
[EventCountry "ESP"]
[SourceTitle "playchess.com"]
[Source "ChessBase"]
[SourceQuality "1"]
[TimeControl "900+5"]

1. e4 c5 2. Nf3 d6 3. Bb5+ Nc6 4. O-O Bd7 5. Re1 a6 6. Bf1 Bg4 7. c3 e6 8. h3 Bh5 9. d3 Be7 10. Nbd2 Nf6 11. a3 O-O 12. g4 Bg6 13. Nh4 Nd7 14. Nxg6 hxg6 15. f4 g5 16. f5 exf5 17. gxf5 Nde5 18. Nf3 Nxf3+ 19. Qxf3 Bf6 20. Kh1 Re8 21. Be2 Ne5 22. Qg2 d5 23. d4 cxd4 24. cxd4 dxe4 25. dxe5 Rxe5 26. Be3 Rxf5 27. Rf1 Rxf1+ 28. Rxf1 Qd5 29. h4 Bxb2 30. Bh5 Bf6 31. hxg5 Rf8 32. Rxf6 Qd1+ 33. Bxd1 1-0